| 000 | 00669cam a2200193 4500 | ||
|---|---|---|---|
| 001 | D8425 | ||
| 008 | 090401t1960 xxu||||| |||| 00| 0 eng d | ||
| 035 | _a(Sirsi) u12937 | ||
| 041 | _aeng | ||
| 050 | _a692.3095951 | ||
| 110 |
_aRoyal Institution of Chartered Surveyors _94900 |
||
| 245 | _aStandard method of measurement of building works for use in the Federation of Malaya, Singapore and Borneo, prepared by the Federation of Malaya and Singapore. Branches of the RICS | ||
| 260 |
_aKuala Lumpur _bRICS _c1960 |
||
| 300 | _ax. 85p. 30cm | ||
| 350 | _a0 | ||
| 520 | _aFiled in SMM Box 1960/ 1 ABCDEF Archives A Reference B | ||
| 942 | _n0 | ||
| 948 | _c04/03/1997 | ||
| 999 |
_c87044 _d87044 |
||